Central Library OPAC University of Rajshahi
Normal view MARC view

Entry Personal Name

Number of records used in: 3

001 - CONTROL NUMBER

  • control field: 402

003 - CONTROL NUMBER IDENTIFIER

  • control field: BD-RjUL

005 - DATE AND TIME OF LATEST TRANSACTION

  • control field: 20211228122926.0

008 - FIXED-LENGTH DATA ELEMENTS

  • fixed length control field: 211228|| aca||aabn | a|a d

040 ## - CATALOGING SOURCE

  • Original cataloging agency: BD-RjUL
  • Transcribing agency: BD-RjUL

100 ## - HEADING--PERSONAL NAME

  • Personal name: شوكاني، محمد بن علي. ;; Shawkānī, Muḥammad ibn ʿAlī,
  • Dates associated with a name: 1759-1839

670 ## - SOURCE DATA FOUND

  • Source citation: Work cat.: (BD-RjUL)79080: شوكاني، محمد بن علي. ;; Shawkānī, Muḥammad ibn ʿAlī, 1759-1839., تحفة الذاكرين بعدة الحصن الحصين من كلام سيد المرسلين ;; Tuḥfat al-dhākirīn bi-ʿUddat al-ḥisn al-ḥaṣīn min kalām Sayyid al-mursalīn /, 1955